Calciatori Italiani all'estero - Statistics

Statistiche generali
  • Questo quiz è stato fatto 282 volte
  • Il punteggio medio è 12 su 20
Statistiche sulle risposte
Nazione Numero di calciatori % Corretto
Francia 8
96%
Spagna 19
95%
Germania 932
93%
Inghilterra 17
91%
Svizzera 664
88%
Stati Uniti 86
86%
Portogallo 12
84%
Austria 35
83%
Slovenia 7
68%
Croazia 8
66%
San Marino 185
63%
Canada 7
62%
Albania 7
58%
Romania 9
53%
Malta 21
43%
Galles 9
32%
Lussemburgo 36
30%
Liechtenstein 14
22%
Estonia 14
18%
Gibilterra 10
2%
Nessun quiz corrispondente trovato
Distribuzione punteggi
Percentuale di utenti per punteggio
Percentile per numero di risposta
I tuoi punteggi nel tempo
Non hai fatto questo quiz